<?xml version="1.0" encoding="UTF-8"?>
<collection xmlns="http://www.loc.gov/MARC21/slim">
 <record>
  <leader>01463nam a2200253 a 4500</leader>
  <controlfield tag="001">1/53947</controlfield>
  <controlfield tag="008">211013s2006    gr a     b    000 | gre d</controlfield>
  <datafield tag="020" ind1=" " ind2=" ">
   <subfield code="a">9602144882</subfield>
  </datafield>
  <datafield tag="040" ind1=" " ind2=" ">
   <subfield code="a">GR-PeUP</subfield>
  </datafield>
  <datafield tag="082" ind1="0" ind2="0">
   <subfield code="a">759.495 ΜΑΙ</subfield>
  </datafield>
  <datafield tag="245" ind1="0" ind2="0">
   <subfield code="a">Μαΐστορες :</subfield>
   <subfield code="b">Φώτης Ζαχαρίου (1909-2001) - Αντώνης Γκλίνος (1936-1998) : κατάλογος έκθεσης, 27 Φεβρουαρίου - 26 Απριλίου 2006 = Masters : Photis Zachariou (1909-2001) - Antonis Glinos (1936-1998) : exhibition catalogue, February, 27 - April, 26, 2006.</subfield>
  </datafield>
  <datafield tag="246" ind1="0" ind2="0">
   <subfield code="a">Masters :</subfield>
   <subfield code="b">Photis Zachariou (1909-2001) - Antonis Glinos (1936-1998) : exhibition catalogue, February, 27 - April, 26, 2006.</subfield>
  </datafield>
  <datafield tag="260" ind1=" " ind2=" ">
   <subfield code="a">Αθήνα :</subfield>
   <subfield code="b">Υπουργείο Πολιτισμού,</subfield>
   <subfield code="c">2006.</subfield>
  </datafield>
  <datafield tag="300" ind1=" " ind2=" ">
   <subfield code="a">69, 55 σ. :</subfield>
   <subfield code="b">εικ. ;</subfield>
   <subfield code="c">26 εκ.</subfield>
  </datafield>
  <datafield tag="500" ind1=" " ind2=" ">
   <subfield code="a">Το έργο είναι δεμένο αντίστροφα.</subfield>
  </datafield>
  <datafield tag="504" ind1=" " ind2=" ">
   <subfield code="a">Περιέχει βιβλιογραφία.</subfield>
  </datafield>
  <datafield tag="600" ind1="1" ind2="0">
   <subfield code="a">Ζαχαρίου, Φώτης,</subfield>
   <subfield code="d">1909-2001</subfield>
   <subfield code="x">Εκθέσεις.</subfield>
  </datafield>
  <datafield tag="600" ind1="1" ind2="0">
   <subfield code="a">Γκλίνος, Αντώνης,</subfield>
   <subfield code="d">1936-1998</subfield>
   <subfield code="x">Εκθέσεις.</subfield>
  </datafield>
  <datafield tag="650" ind1=" " ind2="4">
   <subfield code="a">Ζωγράφοι, Έλληνες</subfield>
   <subfield code="y">20ός αι.</subfield>
  </datafield>
  <datafield tag="650" ind1=" " ind2="0">
   <subfield code="a">Painters</subfield>
   <subfield code="z">Greece</subfield>
   <subfield code="y">20th century</subfield>
   <subfield code="x">Exhibitions.</subfield>
  </datafield>
  <datafield tag="852" ind1=" " ind2=" ">
   <subfield code="a">INST</subfield>
   <subfield code="b">UNIPILB</subfield>
   <subfield code="c">MAIN</subfield>
   <subfield code="e">20211013</subfield>
   <subfield code="h">759.495 ΜΑΙ</subfield>
   <subfield code="p">00185756</subfield>
   <subfield code="q">00185756</subfield>
   <subfield code="t">LOAN</subfield>
   <subfield code="y">0</subfield>
   <subfield code="4">1</subfield>
  </datafield>
  <datafield tag="852" ind1=" " ind2=" ">
   <subfield code="a">INST</subfield>
   <subfield code="b">UNIPILB</subfield>
   <subfield code="c">MAIN</subfield>
   <subfield code="e">20220110</subfield>
   <subfield code="h">759.495 ΜΑΙ</subfield>
   <subfield code="p">00186690</subfield>
   <subfield code="q">00186690</subfield>
   <subfield code="t">LOAN</subfield>
   <subfield code="y">0</subfield>
   <subfield code="4">2</subfield>
  </datafield>
  <datafield tag="960" ind1=" " ind2=" ">
   <subfield code="a">ΜΑΡΙΑ ΒΕΛ</subfield>
  </datafield>
  <datafield tag="960" ind1=" " ind2=" ">
   <subfield code="a">ΜΑΡΙΑ ΒΕΛ</subfield>
  </datafield>
 </record>
</collection>
